The Sketch Book

Sábháilte in:
Sonraí bibleagrafaíochta
Príomhchruthaitheoir: Irving, Washington
Formáid: LEABHAR
Teanga:Undetermined
Foilsithe / Cruthaithe: Londres, Inglaterra Macmillan Company 1921
Ábhair:
Clibeanna: Cuir clib leis
Níl clibeanna ann, Bí ar an gcéad duine le clib a chur leis an taifead seo!

MARC

LEADER 00000nam a2200000Ia 4500
008 170316s9999 xx 000 0 und d
090 |a 810 I-2s 
100 |a Irving, Washington 
245 4 |a The Sketch Book 
260 |a Londres, Inglaterra 
260 |b Macmillan Company 
260 |c 1921 
300 |a 371 páginas 
650 |a LITERATURA ESTADOUNIDENSE 
999 |c 21180  |d 21180 
040 |a cru BVZT 
942 |c 15 D  |h 810 I-2s  |2 z